Toán ôn thi đại học : Hình học và Lượng giác

Nội dung sách được viết theo phương châm: tuyển chọn những chủ đề căn bản, tuyển chọn những bài tập căn bản, hay; các bài toán được phân loại nặng về kiến thức cơ bản và suy luận toán học, không sa vào tính toán phức tạp. Điều đó phù h...

وصف كامل

محفوظ في:
التفاصيل البيبلوغرافية
المؤلف الرئيسي: Doãn, Minh Cường
التنسيق: كتاب
اللغة:Undetermined
منشور في: Hà Nội Đại học Sư phạm Hà Nội 2003
الموضوعات:
الوسوم: إضافة وسم
لا توجد وسوم, كن أول من يضع وسما على هذه التسجيلة!
Thư viện lưu trữ: Trung tâm Học liệu Trường Đại học Cần Thơ
LEADER 01153nam a2200229Ia 4500
001 CTU_119593
008 210402s9999 xx 000 0 und d
020 |c 19000 
082 |a 516.24 
082 |b C561/T.3 
100 |a Doãn, Minh Cường 
245 0 |a Toán ôn thi đại học : 
245 0 |b Hình học và Lượng giác 
245 0 |c Doãn Minh Cường chủ biên ...[et al.] 
260 |a Hà Nội 
260 |b Đại học Sư phạm Hà Nội 
260 |c 2003 
520 |a Nội dung sách được viết theo phương châm: tuyển chọn những chủ đề căn bản, tuyển chọn những bài tập căn bản, hay; các bài toán được phân loại nặng về kiến thức cơ bản và suy luận toán học, không sa vào tính toán phức tạp. Điều đó phù hợp với chủ trương đổi mới thi tuyển sinh của Bộ Giáo dục và Đào tạo. 
650 |a Trigonometry 
650 |x Study and teaching 
904 |i Hiếu 
980 |a Trung tâm Học liệu Trường Đại học Cần Thơ